| 000 | 00555nam a2200193 u 4500 | ||
|---|---|---|---|
| 005 | 20220603063717.0 | ||
| 008 | 090330s2006 r 000 0 eng d | ||
| 020 | _a8420700177 | ||
| 035 | _aUPN01000170160 | ||
| 049 | _aI | ||
| 050 | 4 |
_aPZ76.3 _bN4.3 |
|
| 100 | 1 |
_aNesquens, Daniel, _d1967- _931792 |
|
| 245 | 1 | 0 |
_aDiecisiete cuentos y dos pingüinos / _cDaniel Nesquens ; il. de Emilio Urberuaga. |
| 260 |
_aMadrid : _bAnaya, _c2006. |
||
| 300 | _a96 p. | ||
| 440 | 0 |
_aSopa de libros ; _v41 |
|
| 650 | 4 |
_aCuentos infantiles _96744 |
|
| 905 | _aInfantil | ||
| 999 |
_c142266 _d142266 |
||